ბათუმის შოთა რუსთაველის სახელმწიფო უნივერსიტეტის ბიბლიოთეკა

Финансовый менеджмент (ბიბ.ჩანაწერი № 37031)

000 -LEADER
fixed length control field 00735nam a2200241Ia 4500
001 - CONTROL NUMBER
control field 2985
003 - CONTROL NUMBER IDENTIFIER
control field GE_BSU
008 - FIXED-LENGTH DATA ELEMENTS--GENERAL INFORMATION
fixed length control field 181216s||||||||xx |||||||||||||| ||und||
020 ## - INTERNATIONAL STANDARD BOOK NUMBER
International Standard Book Number 5895680410
040 ## - CATALOGING SOURCE
Transcribing agency GE_BSU
080 ## - UNIVERSAL DECIMAL CLASSIFICATION NUMBER
Universal Decimal Classification number 336.717
100 ## - MAIN ENTRY--PERSONAL NAME
Personal name Джей К. Шим, Джоэл Г. Сигел.
245 ## - TITLE STATEMENT
Title Финансовый менеджмент
245 ## - TITLE STATEMENT
Remainder of title Издание второе, стереотипное. Financial Managment
245 ## - TITLE STATEMENT
Statement of responsibility, etc. пер. с англ. Н.Г. Франк, ред. О. В. Лужина.
260 ## - PUBLICATION, DISTRIBUTION, ETC.
Place of publication, distribution, etc. Москва
260 ## - PUBLICATION, DISTRIBUTION, ETC.
Name of publisher, distributor, etc. Филинъ
260 ## - PUBLICATION, DISTRIBUTION, ETC.
Date of publication, distribution, etc. 1997
300 ## - PHYSICAL DESCRIPTION
Extent 400 с. 20 см.
653 ## - INDEX TERM--UNCONTROLLED
Uncontrolled term Финансовый менеджмент
942 ## - ADDED ENTRY ELEMENTS (KOHA)
Koha item type წიგნი
ეგზემპლარები
Withdrawn status Lost status Damaged status Not for loan Date acquired Barcode Date last seen Price effective from Koha item type Public note
        2018-12-17 8003 2018-12-17 2018-12-17 წიგნი დარბაზი
        2018-12-17 8004 2018-12-17 2018-12-17 წიგნი დარბაზი
        2018-12-17 8031 2018-12-17 2018-12-17 წიგნი დარბაზი